| 000 | 00821nam a2200253 i 4500 | ||
|---|---|---|---|
| 001 | 17996 | ||
| 003 | ES-MaACL | ||
| 005 | 20250912063035.0 | ||
| 007 | t| | ||
| 008 | 010808s1994 mx f |||| | spa d | ||
| 020 | _a968-16-0516-0 | ||
| 080 | _a615.214:159.961.2 | ||
| 100 | 1 |
_aFurst, Peter T. _953056 |
|
| 245 | 1 | 4 |
_aLos alucinógenos y la cultura / _cPeter T. Furst ; traducción de José Agustín. |
| 250 | _a1ª ed., 2ª reimp. | ||
| 260 |
_aMéxico : _bFondo de Cultura Económica, _c1994. |
||
| 300 |
_a341 p., 26 p. de lám. ; _c17 cm. |
||
| 490 | 1 |
_aColección popular (Fondo de Cultura Económica) ; _v190 _9241328 |
|
| 650 | 1 | 4 |
_aAlucinógenos y experiencia religiosa. _9156627 |
| 700 | 1 |
_aAgustín, José. _918915 |
|
| 852 |
_aES-MaACL _jL-24746 |
||
| 942 | _2udc | ||
| 999 |
_c17996 _d17996 |
||